| 000 | 00859nas a2200265 4500 | ||
|---|---|---|---|
| 001 | BR9206005 | ||
| 003 | BR-BrBNA | ||
| 005 | 20231205092900.0 | ||
| 007 | ta | ||
| 008 | 230509b bl.|||p| |||| 00| 00por d | ||
| 040 |
_aBR-BrBNA _bpor _cBiblioteca Nacional de Agricultura |
||
| 041 | _a(Pt) | ||
| 072 | _aF62 | ||
| 100 | 1 | _aMedeiros, J.G. | |
| 100 | 1 | _aPereira, W. | |
| 100 | 1 | _aMiranda, J.E.C. | |
| 245 | 1 | _aAnalise de crescimento em duas cultivares de batata-doce (Ipomoea batatas (L.)Lam) | |
| 246 | 1 | _aGrowth analysis of two sweet-potato cultivars (Ipomoea batatas (L.)Lam) | |
| 650 | _aBATATA DOCE | ||
| 650 | _aCRESCIMENTO | ||
| 650 | _aMATERIA SECA | ||
| 773 | 0 |
_tRevista Brasileira de Fisiologia Vegetal (Brazil) _xISSN 0103-3131 _g(1990), v. 2(2) p. 23-29 _wBR9206005 |
|
| 909 |
_a202311 _bLúcia _c55 _dLúcia Elande |
||
| 942 |
_2AGRIS _n0 _cANA |
||
| 999 |
_c134863 _d134863 |
||